Word Ladder: Beer O'Clock Quiz Stats

 Plays Quiz Updated Jun 5, 2012

Support Sporcle.
Go Orange.
Score 0/30 Timer 03:00
0 Plays Today
Clue Word % Correct
• Alcoholic beverage served in bars •• BEER •
99.2%
Accessory for keeping your pants upBELT
98.4%
Round red root vegetableBEET
97.2%
Become liquified by heatMELT
95.8%
SpeedyFAST
94.1%
Emit gas from your behindFART
93.4%
A tall post that supports the sail of a shipMAST
91.6%
• How beer is made: Step 1 •
Barley is steeped, germinated,
and dried to make this
• MALT •
90%
To throw bait into the water with a fishing lineCAST
89%
A point scored in soccerGOAL
89%
An outer garment that's worn when it's coldCOAT
87.3%
A combustible black rockCOAL
86.8%
A small vessel for travel on waterBOAT
86.4%
TV gameshow: ____ CabCASH
83.9%
The policeCOPS
82.9%
Clue Word % Correct
• Lids of beer bottles •• CAPS •
81.2%
Contraction meaning unable toCAN'T
80.2%
• How beer is made: Step 2 •
[Rung 5] is mixed with hot water to
make this mushy substance
• MASH •
80.1%
• Beer may come in these containers •• CANS •
78.8%
• In Valhalla, this animal provides
an endless supply of beer •
• GOAT •
78.5%
• How beer is made: Step 4 •
These are boiled with the [rung 13]
to add bitterness and flavour
• HOPS •
77.3%
A hard, benign growth on the skinWART
75.8%
Shakira's hit single: ____ Don't LieHIPS
75%
Abbreviation meaning 'to proceed'CONT
70.5%
Strikes to a bodyHITS
70.1%
• How beer is made: Step 3 •
This sugary liquid is drained off from the [rung 7]
• WORT •
40.9%
Low quality diamondBORT
40.1%
• How beer is made: Steps 5 and 6 •
Yeast is added to the solution and left to ferment.
When it ferments at higher temperatures,
it produces these kinds of beer
• ALES •
33.1%
Small islands in a riverAITS
21.2%
Short form slang for secondary accountsALTS
19.6%

Today's Daily Dose

You're not logged in!

Compare scores with friends on all Sporcle quizzes.
OR
Log In

From the Vault

Historical Events of 1996

by Valvados

In 1996, Tickle Me Elmo hit the shelves, and the world has never been the same.
Remove Ads.
Support Sporcle.
Get the best of Sporcle when you Go Orange. This ad-free experience offers more features, more stats, and more fun while also helping to support Sporcle. Thank you for becoming a member.

Show Comments

Extras

Top Quizzes Today


Score Distribution

Your Account Isn't Verified!

In order to create a playlist on Sporcle, you need to verify the email address you used during registration. Go to your Sporcle Settings to finish the process.

Report this User

Report this user for behavior that violates our Community Guidelines.

Details: